• 首页
  • 本馆介绍
  • 公告通知
  • 最新文献
  • 馆藏检索
  • 电子资源
  • 读者导购
  • 参考咨询
  • 我的图书馆
  • 登录
  • 详细信息显示
  • 放入我的书架
  • 预约/预借图书
  • 作者相关作品
  • 分类相关作品
  • 丛书相关作品
  • 出版社相关作品

书目信息

  • 表格格式
  • 工作单格式
  • 卡片格式
题名:
丝绸之路上的新疆民歌
    
 
作者: 李凌 著
分册:  
出版信息: 哈尔滨   东北林业大学出版社  2021.3
页数: 203页
开本: 23cm
丛书名:
单 册:
中图分类: J642.224.5
科图分类:
主题词: 民歌--歌曲--新疆维吾尔自治区--选集
电子资源:
ISBN: 978-7-5674-1028-2
000 01340nam0 2200253 45
001 489766
005 20140818145637.0
010    @a978-7-5674-1028-2@dCNY45.80
099    @aCAL 012018043080
100    @a20180420d2017 em y0chiy0110 ea
101 0  @achi
102    @aCN@b230000
105    @ay z 000cy
106    @ar
200 1  @a丝绸之路上的新疆民歌@Asi chou zhi lu shang de xin jiang min ge@f李凌著
210    @a哈尔滨@c东北林业大学出版社@d2021.3
215    @a203页@d23cm
314    @a李凌, 男, 汉族。伊宁市作家协会副主席, 新疆维吾尔自治区作家协会会员。
330    @a本集共收入闲情随笔散文80多篇, 大多在各级报刊发表过。共分为七个部分: 品慢、品味、品静、 品读、品野, 品闲、品享。品味是高度、是格调, 但更是一种态度, 一种活法, 在喧嚣骚动的快节奏时代, 如何慢慢地生活静静地品味, 不仅仅是小资情调, 已是大众所追求的生活方式。该书全面地展示了作者生活的品味及其理想生活中的品味, 以及对品味多方位的探求。品味不是抽象的, 说到底, 其实就是一种活法。而活法, 每时每刻, 举手投足, 点点滴滴无不显示出品味的高低、品味的雅趣, 不同的品味组成丰富多彩、琴鸣书香的生活品味, 及其丰富充实的精神世界。可以说, 这是一本内容丰润、情趣高雅的现代休闲品味书, 适合大众阅读。
606 0  @a民歌@x歌曲@y新疆维吾尔自治区@j选集
690    @aJ642.224.5@v5
701  0 @a李凌@Ali ling@4著
801    @aCN@b江苏凤凰@c20211018
905    @b1356294-7@dJ642.224.5@e300@f4
    
    丝绸之路上的新疆民歌/李凌著.-哈尔滨:东北林业大学出版社,2021.3
    203页;23cm
    
    
    ISBN 978-7-5674-1028-2:CNY45.80
    本集共收入闲情随笔散文80多篇, 大多在各级报刊发表过。共分为七个部分: 品慢、品味、品静、 品读、品野, 品闲、品享。品味是高度、是格调, 但更是一种态度, 一种活法, 在喧嚣骚动的快节奏时代, 如何慢慢地生活静静地品味, 不仅仅是小资情调, 已是大众所追求的生活方式。该书全面地展示了作者生活的品味及其理想生活中的品味, 以及对品味多方位的探求。品味不是抽象的, 说到底, 其实就是一种活法。而活法, 每时每刻, 举手投足, 点点滴滴无不显示出品味的高低、品味的雅趣, 不同的品味组成丰富多彩、琴鸣书香的生活品味, 及其丰富充实的精神世界。可以说, 这是一本内容丰润、情趣高雅的现代休闲品味书, 适合大众阅读。
●
相关链接 在E读中查询图书 在五车中查询图书 在当当中查询图书 在豆瓣中查询图书


正题名:丝绸之路上的新疆民歌     索取号:J642.224.5/300         预约/预借

序号 登录号 条形码 馆藏地/架位号 状态 备注
1 1356294   213562946   第一样本阅览室/ [索取号:J642.224.5/300] 在馆    
2 1356295   213562955   第一借阅区/ [索取号:J642.224.5/300] 在馆    
3 1356296   213562964   第一借阅区/ [索取号:J642.224.5/300] 在馆    
4 1356297   213562973   第一借阅区/ [索取号:J642.224.5/300] 在馆    
唐山师范学院图书馆 欢迎您!
大连网信软件有限公司© 版权所有